000 00741nam a2200229Ii 4500
003 JO-AjNU
008 230606s9999||||xx |||||||||||||| ||und||
017 _a2580/7/2011
040 _aJO-AjNU
_beng
_erda
_cJO-AjNU
041 _aeng
050 1 4 _aTH420.J67.2012
100 3 _aJordan National Building Codes,
_eauthor
_95373
245 0 0 _aJordanian National Building Codes: Environmental impact Assessments for road project
250 _a1 ed
264 3 1 _a Amman: ministry of public works and housing,2012
300 _amuilt pages
336 _atext
_btxt
_2rdacontent
337 _aunmediated
_bn
_2rdamedia
338 _avolume
_bnc
_2rdacarrier
490 0 _aNational Building Code of Jordan
650 4 _aBuilding codes 
_95374
999 _aE2775
_c2773
_d2773